<?xml version="1.0" encoding="UTF-8"?><?xml-stylesheet type="text/xsl" href="static/style.xsl"?><OAI-PMH xmlns="http://www.openarchives.org/OAI/2.0/" xmlns:xsi="http://www.w3.org/2001/XMLSchema-instance" xsi:schemaLocation="http://www.openarchives.org/OAI/2.0/ http://www.openarchives.org/OAI/2.0/OAI-PMH.xsd"><responseDate>2026-04-26T20:31:28Z</responseDate><request verb="GetRecord" identifier="oai:uvadoc.uva.es:10324/43873" metadataPrefix="marc">https://uvadoc.uva.es/oai/request</request><GetRecord><record><header><identifier>oai:uvadoc.uva.es:10324/43873</identifier><datestamp>2025-03-26T19:45:07Z</datestamp><setSpec>com_10324_6435</setSpec><setSpec>com_10324_5186</setSpec><setSpec>com_10324_29291</setSpec><setSpec>col_10324_43867</setSpec></header><metadata><record xmlns="http://www.loc.gov/MARC21/slim" xmlns:doc="http://www.lyncode.com/xoai" xmlns:xsi="http://www.w3.org/2001/XMLSchema-instance" xmlns:dcterms="http://purl.org/dc/terms/" xsi:schemaLocation="http://www.loc.gov/MARC21/slim http://www.loc.gov/standards/marcxml/schema/MARC21slim.xsd">
<leader>00925njm 22002777a 4500</leader>
<datafield tag="042" ind1=" " ind2=" ">
<subfield code="a">dc</subfield>
</datafield>
<datafield tag="720" ind1=" " ind2=" ">
<subfield code="a">Velasco Vázquez, Javier</subfield>
<subfield code="e">author</subfield>
</datafield>
<datafield tag="720" ind1=" " ind2=" ">
<subfield code="a">Esparza Arroyo, Ángel</subfield>
<subfield code="e">author</subfield>
</datafield>
<datafield tag="720" ind1=" " ind2=" ">
<subfield code="a">Alberto Barroso, Verónica</subfield>
<subfield code="e">author</subfield>
</datafield>
<datafield tag="260" ind1=" " ind2=" ">
<subfield code="c">2018</subfield>
</datafield>
<datafield tag="520" ind1=" " ind2=" ">
<subfield code="a">Avanzar en la explicación histórica de la diversidad y complejidad de las manifestaciones mortuorias de Cogotas I (Bronce Medio y Tardío, ca. 1800-1100 cal BC) implica  necesariamente afrontar una valoración exhaustiva de cada uno de los contextos con restos humanos y, en particular, de los agentes deposicionales y posdeposicioales que participan en su definitiva configuración arqueológica. En este caso, un nuevo examen del enterramiento en hoyo del Cerro de la Cabeza (Ávila), inicialmente adscrito al Bronce Final-Hierro I, pero cuya cronología revisada lo sitúa en la plenitud de Cogotas I, ha permitido identificar las huellas de carnívoros y la acción del fuego sobre los registros esqueléticos de los dos individuos allí documentados. Estos datos, sumados al establecimiento de la secuencia y los tiempos de formación del depósito, aportan nueva evidencia sobre la hipótesis de la exposición de cadáveres como una práctica habitual en este contexto cronológico-cultural.</subfield>
</datafield>
<datafield tag="024" ind2=" " ind1="8">
<subfield code="a">BSAA arqueología; Núm. LXXXIV (2018) pags. 134-167</subfield>
</datafield>
<datafield tag="024" ind2=" " ind1="8">
<subfield code="a">2530-6367</subfield>
</datafield>
<datafield tag="024" ind2=" " ind1="8">
<subfield code="a">http://uvadoc.uva.es/handle/10324/43873</subfield>
</datafield>
<datafield tag="024" ind2=" " ind1="8">
<subfield code="a">10.24197/ba.LXXXIV.2018.134-167</subfield>
</datafield>
<datafield tag="024" ind2=" " ind1="8">
<subfield code="a">134</subfield>
</datafield>
<datafield tag="024" ind2=" " ind1="8">
<subfield code="a">LXXXIV</subfield>
</datafield>
<datafield tag="024" ind2=" " ind1="8">
<subfield code="a">167</subfield>
</datafield>
<datafield ind1=" " ind2=" " tag="653">
<subfield code="a">Arqueología</subfield>
</datafield>
<datafield tag="245" ind1="0" ind2="0">
<subfield code="a">A vueltas con la exposición de cadáveres en Cogotas I: La evidencia del Cerro de la Cabeza (Ávila)</subfield>
</datafield>
</record></metadata></record></GetRecord></OAI-PMH>